=LDR 00000nam 2200000 4500 =001 INLIS000000000055925 =005 20210408073956 =035 ##$$a 0010-0820000066 =007 ta =008 210408################g##########0#ind## =082 ##$$a 2x7.21 =084 ##$$a 2x7.21 SUH m =100 #$$a Suhadi, Machi =245 1#$$a Makam-makam wali sanga di Jawa /$c Dr. Machi Suhadi, Dra. Ny. Halina Hambali =260 ##$$a s.l :$b Depdikbud,$c 1994 =300 ##$$a vi, 146 hlm. ; $c 21 x 15 cm. =700 #$$a Hambali, Harlina =600 #4$$a Dakwah Islam =990 ##$$a 83.613/Hd-95 =990 ##$$a 83.611/Hd-95 =990 ##$$a 83.612/Hd-95